000 00885nam a2200193 a 4500
008 170425s2015 ||||||||||||||||| || u
020 _a9789211283785
050 _aUNESCWA(058)SESD/2015
110 _aUnited Nations Economic and Social Commission for Western Asia (ESCWA)
245 1 0 _aSurvey of economic and social development in the Arab region
_cUnited Nations Economic and Social Commission for Western Asia (UNESCWA)
260 _aBeirut
_bUnited Nations Economic and Social Commission for Western Asia (UN-ESCWA)
_c2015
300 _a95 pages : illustrations
500 _aBibliography
650 0 _aSOCIAL POLICY
650 _aSOCIAL CONDITIONS--WESTERN ASIA
650 0 _aECONOMIC HISTORY
650 0 _aECONOMIC POLICY
995 _FCBU-MAIN LIBRARY (Kitwe)
_M1
_UAVAILABLE
_WApr 25, 2017
_ZInternational Publications
999 _c59160
_d59160